Programación de bases de datos con MySQL y PHP

Uloženo v:
Podrobná bibliografie
Hlavní autor: Spona, Helma (Autor)
Médium: Kniha
Jazyk:španělština
Vydáno: Cuernavaca, México Alfaomega 2010
Témata:
Tagy: Přidat tag
Žádné tagy, Buďte první, kdo vytvoří štítek k tomuto záznamu!

MARC

LEADER 00000cam a2200000 a 4500
001 UCE9183
003 CL-VaPUC
005 20201215001350.0
008 151002e20100000mx |||||||||||||||||spa|d
999 |c 360868  |d 360866 
020 |a 9786077854777 
040 |c Pontificia Universidad Católica de Valparaíso 
082 0 4 |a 005.369 SPO 2010  |2 21 
100 0 |a Spona, Helma  |e author  |9 581915 
245 1 0 |a Programación de bases de datos con MySQL y PHP 
260 |a Cuernavaca, México   |b Alfaomega  |c 2010 
300 |a 209 páginas  
583 |a last modification  |c 20190412 08:52:44  |k Rodrigo Vera 
650 0 |a Bases de datos   |9 260577 
650 0 |a Programación de computadores   |9 259531 
650 0 |a Lenguajes de programación   |9 259458 
650 0 |a Diseño de bases de datos   |9 384787 
650 7 |a MYSQL  |2 CL-VaPUC  |9 481199 
650 7 |a PHP  |2 CL-VaPUC  |9 475661 
852 |a BIBCUR 
942 |c BK  |2 ddc 
945 |d 20151002 15:56:00  |a dcastane 
952 |0 0  |1 0  |3 erb  |4 0  |6 005_369000000000000_SPO_2010  |7 0  |8 A  |9 471041  |a BIBING  |b BIBING  |i 5240875  |o 005.369 SPO 2010  |p 5240875  |r 2025-01-20  |w 2019-11-24  |y BK  |z Catalogado en:20151002  |k CCI 
952 |0 0  |1 0  |3 erb  |4 0  |6 005_369000000000000_SPO_2010  |7 0  |8 A  |9 471042  |a BIBING  |b BIBING  |i 5240867  |o 005.369 SPO 2010  |p 5240867  |r 2025-01-20  |w 2019-11-24  |y BK  |z Catalogado en:20151002  |k CCI 
952 |0 0  |1 0  |3 erb  |4 0  |6 005_369000000000000_SPO_2010  |7 0  |8 A  |9 471043  |a BIBING  |b BIBING  |i 524806K  |o 005.369 SPO 2010  |p 524806K  |r 2025-01-20  |w 2019-11-24  |y BK  |z Catalogado en:20151106  |k CCI 
952 |0 0  |1 0  |3 erb  |4 0  |6 005_369000000000000_SPO_2010  |7 0  |8 A  |9 471044  |a BIBING  |b BIBING  |i 5248078  |o 005.369 SPO 2010  |p 5248078  |r 2025-01-20  |w 2019-11-24  |y BK  |z Catalogado en:20151106  |k CCI 
952 |0 0  |1 0  |3 erb  |4 0  |6 005_369000000000000_SPO_2010  |7 0  |8 A  |9 471045  |a BIBING  |b BIBING  |i 5248086  |o 005.369 SPO 2010  |p 5248086  |r 2025-01-20  |w 2019-11-24  |y BK  |z Catalogado en:20151106  |k CCI 
952 |0 0  |1 0  |3 erb  |4 0  |6 005_369000000000000_SPO_2010  |7 0  |8 A  |9 471046  |a BIBING  |b BIBING  |i 5248094  |o 005.369 SPO 2010  |p 5248094  |r 2025-01-20  |w 2019-11-24  |y BK  |z Catalogado en:20151106  |k CCI 
952 |0 0  |1 0  |3 erb  |4 0  |6 005_369000000000000_SPO_2010  |7 0  |8 A  |9 471047  |a BIBING  |b BIBING  |i 5248108  |o 005.369 SPO 2010  |p 5248108  |r 2025-01-20  |w 2019-11-24  |y BK  |z Catalogado en:20151106  |k CCI 
952 |0 0  |1 0  |3 erb  |4 0  |6 005_369000000000000_SPO_2010  |7 0  |8 A  |9 471048  |a BIBING  |b BIBING  |i 5248116  |o 005.369 SPO 2010  |p 5248116  |r 2025-01-20  |w 2019-11-24  |y BK  |z Catalogado en:20151106  |k CCI 
952 |0 0  |1 0  |3 erb  |4 0  |6 005_369000000000000_SPO_2010  |7 0  |8 A  |9 471049  |a BIBING  |b BIBING  |i 5248124  |o 005.369 SPO 2010  |p 5248124  |r 2025-01-20  |w 2019-11-24  |y BK  |z Catalogado en:20151106  |k CCI 
952 |0 0  |1 0  |3 erb  |4 0  |6 005_369000000000000_SPO_2010  |7 0  |8 A  |9 471050  |a BIBING  |b BIBING  |i 5248132  |o 005.369 SPO 2010  |p 5248132  |r 2025-01-20  |w 2019-11-24  |y BK  |z Catalogado en:20151106  |k CCI 
952 |0 0  |1 0  |3 erb  |4 0  |6 005_369000000000000_SPO_2010  |7 0  |8 A  |9 471051  |a BIBING  |b BIBING  |i 5540763  |o 005.369 SPO 2010  |p 5540763  |r 2025-01-20  |w 2019-11-24  |y BK  |z Catalogado en:20190329  |k CCI 
952 |0 0  |1 0  |3 erb  |4 0  |6 005_369000000000000_SPO_2010  |7 0  |8 A  |9 471052  |a BIBING  |b BIBING  |i 5540755  |l 1  |o 005.369 SPO 2010  |p 5540755  |r 2025-01-20  |s 2021-08-31  |w 2019-11-24  |y BK  |z Catalogado en:20190329  |k CCI 
952 |0 0  |1 0  |3 erb  |4 0  |6 005_369000000000000_SPO_2010  |7 0  |8 A  |9 471053  |a BIBING  |b BIBING  |i 5542642  |o 005.369 SPO 2010  |p 5542642  |r 2025-01-20  |w 2019-11-24  |y BK  |z Catalogado en:20190412  |k CCI 
952 |0 0  |1 0  |2 ddc  |4 0  |6 005_369000000000000_SPO_2010  |7 0  |8 A  |9 577102  |a BIBING  |b BIBING  |d 2020-12-14  |e 82  |g 13929.00  |i 5579198  |l 2  |o 005.369 SPO 2010  |p 5579198  |r 2025-01-20  |s 2023-05-05  |t 15  |v 13929.00  |w 2020-12-14  |y BK  |k CCI 
952 |0 0  |1 0  |2 ddc  |4 0  |6 005_369000000000000_SPO_2010  |7 0  |8 A  |9 577103  |a BIBING  |b BIBING  |d 2020-12-14  |e 82  |g 13929.00  |i 557918K  |o 005.369 SPO 2010  |p 557918K  |r 2025-01-20  |t 14  |v 13929.00  |w 2020-12-14  |y BK  |k CCI